Επιχειρηματική ηθική και δεοντολογία : στην εποχή της εταιρικής διακυβέρνησης
Αποθηκεύτηκε σε:
| Κύριος συγγραφέας: | |
|---|---|
| Μορφή: | Βιβλίο |
| Γλώσσα: | Greek |
| Δημοσίευση: |
Αθήνα :
Interbooks,
2009, c2003
|
| Έκδοση: | 2η έκδ. |
| Θέματα: | |
| Ετικέτες: |
Προσθήκη ετικέτας
Δεν υπάρχουν, Καταχωρήστε ετικέτα πρώτοι!
|
MARC
| LEADER | 00000nam a2200000 a 4500 | ||
|---|---|---|---|
| 001 | 1/127782 | ||
| 008 | 231201r20092003gr ||| | gre|| | ||
| 020 | |a 9789603901202 | ||
| 040 | |a GR-MyUA |b gre |e AACR2 | ||
| 041 | 0 | |a gre | |
| 082 | 0 | |a 174.4 |2 (22) | |
| 100 | 1 | |a Θανόπουλος, Γιάννης Ν. | |
| 245 | 1 | 0 | |a Επιχειρηματική ηθική και δεοντολογία : |b στην εποχή της εταιρικής διακυβέρνησης / |c Γιάννης Ν. Θανόπουλος. |
| 250 | |a 2η έκδ. | ||
| 260 | |a Αθήνα : |b Interbooks, |c 2009, c2003 | ||
| 300 | |a 317 σ. ; |c 24 εκ. | ||
| 504 | |a Περιλαμβάνει ευρετήριο θεματολογίας και ονομάτων. | ||
| 650 | 0 | 0 | |a Business ethics. |
| 852 | |a INST |b SAMOS |e 20231201 |h 174.4 ΘΑΝ |p 005300048755 |q 005300048755 |t BK |y 0 | ||
| 970 | |a Γουβάλα |b Βάσω |z 01-12-2023 | ||